| 000 | 00538nam a2200157 i 4500 | ||
|---|---|---|---|
| 001 | 59493 | ||
| 003 | ES-MaACL | ||
| 005 | 20230906164037.0 | ||
| 007 | t| | ||
| 008 | 031029s1934 sp ||||1| spa d | ||
| 100 | 1 |
_aEizaguirre, Emiliano. _946877 |
|
| 245 | 1 | 3 |
_aLa primo-infección tuberculosa _b: patogenia, diagnóstico, pronóstico y tratamiento / _cEmiliano Eizaguirre. |
| 260 |
_aSan Sebastián : _bLibrería Internacional, _c1934 ( _eZarauz : _fItxaropena) |
||
| 300 |
_aVII, 380 p. ; _c26 cm. |
||
| 852 |
_aES-MaACL _jE-120 _bR.20400 |
||
| 999 |
_c59493 _d59493 |
||